[Event "St Petersburg Autumn op"]
[Site "St Petersburg"]
[Date "2011.11.03"]
[Round "7"]
[White "Churikov, Viktor"]
[Black "Monina, Polina"]
[Result "1-0"]
[WhiteElo "2101"]
[BlackElo "2004"]
[PlyCount "104"]
[EventDate "2011.10.28"]
[EventType "swiss"]
[EventRounds "9"]
[EventCountry "RUS"]
[SourceTitle "EXT 2013"]
[Source "ChessBase"]
[SourceDate "2012.11.22"]
[SourceVersion "1"]
[SourceVersionDate "2012.11.22"]
[SourceQuality "1"]

1. e4 e6 2. Nc3 d5 3. Nf3 Nf6 4. exd5 exd5 5. d4 c6 6. Bd3 Bd6 7. 0-0 0-0 8. Bg5 Bg4 9. Ne2 Nbd7 10. Ng3 Qc7 11. Qd2 Nh5 12. Nxh5 Bxh5 13. Nh4 f6 14. Be3 Bxh2+ 15. Kh1 Bd6 16. g3 Rfe8 17. Kg2 Nf8 18. Rh1 Bg4 19. Nf5 Bxf5 20. Bxf5 g6 21. Bd3 f5 22. Rh4 Re7 23. c4 Rae8 24. Bg5 Rf7 25. Rc1 Qb8 26. cxd5 cxd5 27. Qa5 Ne6 28. Be3 Nc7 29. Bc2 b6 30. Qd2 Qb7 31. Bb3 Ne6 32. Bh6 Be7 33. Rhh1 Bf6 34. Rhe1 Rfe7 35. Be3 Ng7 36. Red1 Nh5 37. Qe2 a6 38. Qf3 Re4 39. Ba4 b5 40. Bc2 f4 41. gxf4 R4e7 42. Bb3 Rd8 43. Rc5 Red7 44. f5 Be7 45. Rc2 Rf8 46. Qg4 Rxf5 47. Rdc1 Nf6 48. Qh3 Kg7 49. Qh6+ Kg8 50. Rc8+ Bd8 51. f3 Nh5 52. Bg5 Rf8 1-0

[Event "St Petersburg Autumn op"]
[Site "St Petersburg"]
[Date "2011.11.01"]
[Round "5"]
[White "Churikov, Viktor"]
[Black "Shirokov, Alexander"]
[Result "0-1"]
[WhiteElo "2101"]
[BlackElo "1967"]
[PlyCount "104"]
[EventDate "2011.10.28"]
[EventType "swiss"]
[EventRounds "9"]
[EventCountry "RUS"]
[SourceTitle "EXT 2013"]
[Source "ChessBase"]
[SourceDate "2012.11.22"]
[SourceVersion "1"]
[SourceVersionDate "2012.11.22"]
[SourceQuality "1"]

1. e4 c6 2. d4 d5 3. e5 Bf5 4. h4 h6 5. c4 dxc4 6. Bxc4 e6 7. Nc3 Nd7 8. Nge2 Nb6 9. Bb3 Be7 10. Ng3 Bg6 11. h5 Bh7 12. Qg4 Kf8 13. 0-0 Bg5 14. Be3 Bd3 15. Rfd1 Bc4 16. Nge4 Be7 17. Bc2 Nd5 18. b3 Ba6 19. Nc5 Nxe3 20. fxe3 Bxc5 21. dxc5 Qg5 22. Qf4 Ne7 23. Ne4 Qxf4 24. exf4 Nd5 25. Bd3 Ke7 26. Bxa6 bxa6 27. g3 Rab8 28. Nd6 Rb4 29. Rd3 Rhb8 30. Rb1 Ra4 31. Rb2 Ra5 32. b4 Ra4 33. a3 a5 34. b5 cxb5 35. Rxb5 Rxb5 36. Nxb5 Rc4 37. Nxa7 Rxc5 38. Rb3 Rc7 39. Nb5 Rc1+ 40. Kf2 Rc2+ 41. Kf3 a4 42. Rd3 Rb2 43. Nd4 Kd7 44. g4 Rb1 45. f5 Rf1+ 46. Kg3 Re1 47. fxe6+ fxe6 48. Nf5 Rxe5 49. Nxg7 Rg5 50. Nf5 exf5 51. Rxd5+ Ke6 52. Ra5 f4+ 0-1